Statistics for They Shoot Pictures, Don't They? - films 521 to 540

Click here to take the quiz!

General Stats

  • This quiz has been taken 22 times
  • The average score is 10 of 20

Answer Stats

Answer% Correct
Fight Club
100%
No Country for Old Men
94%
The Terminator
94%
Reservoir Dogs
88%
Twelve Angry Men
71%
Pan's Labyrinth
59%
Strangers on a Train
53%
Hannah and her Sisters
47%
Dead Ringers
41%
Oldboy
41%
Picnic at Hanging Rock
41%
The Lady from Shanghai
41%
The Lives of Others
41%
Twin Peaks: Fire Walk with Me
41%
Point Blank
29%
Harlan County, U.S.A.
24%
And Life Goes On…
18%
Rosetta
18%
Les Vampires
12%
The Wind Will Carry Us
12%

Score Distribution

Percentile by Number Answered

Percent of People with Each Score

Your Score History

You have not taken this quiz